| 000 | 004370000a22001690004500 | ||
|---|---|---|---|
| 003 | MACL | ||
| 005 | 20151229153620.0 | ||
| 008 | 151229b xxu||||| |||| 00| 0 eng d | ||
| 040 |
_aMACL _cMACL |
||
| 041 | _aEnglish | ||
| 082 | _a291/THO | ||
| 100 |
_aThomas, P _97265 |
||
| 245 | _aEpics Myths and Legends of India | ||
| 260 | _bD B Taraporevala Sons and Company | ||
| 650 |
_aComparative Religion _924097 |
||
| 942 |
_cBK _k291/THO _2ddc |
||
| 999 |
_c39215 _d39215 |
||